Client/server computing

The book provides IS professionals with an up-to-date review of the technologies required to build client/server applications within an open systems environment

সংরক্ষণ করুন:
গ্রন্থ-পঞ্জীর বিবরন
প্রধান লেখক: Dewna Travis Dewire
বিন্যাস: গ্রন্থ
ভাষা:Undetermined
প্রকাশিত: New York McGraw-Hill 1993
বিষয়গুলি:
ট্যাগগুলো: ট্যাগ যুক্ত করুন
কোনো ট্যাগ নেই, প্রথমজন হিসাবে ট্যাগ করুন!
Thư viện lưu trữ: Trung tâm Học liệu Trường Đại học Cần Thơ
LEADER 00686nam a2200205Ia 4500
001 CTU_32204
008 210402s9999 xx 000 0 und d
020 |b 229.400đ 
082 |a 004.36 
082 |b D521 
100 |a Dewna Travis Dewire 
245 0 |a Client/server computing 
245 0 |c Dewna Travis Dewire 
260 |a New York 
260 |b McGraw-Hill 
260 |c 1993 
520 |a The book provides IS professionals with an up-to-date review of the technologies required to build client/server applications within an open systems environment 
650 |a client/server computing 
904 |i Minh, 990726 
980 |a Trung tâm Học liệu Trường Đại học Cần Thơ